[Event "Platense-ch"]
[Site "La Plata"]
[Date "2018.01.09"]
[Round "5"]
[White "Cespedes, Juan"]
[Black "Corda, Marcelo"]
[Result "1-0"]
[WhiteElo "1700"]
[BlackElo "1605"]
[PlyCount "145"]
[EventDate "2018.01.03"]
[EventType "swiss"]
[EventRounds "9"]
[EventCountry "ARG"]
[SourceTitle "EXT 2019"]
[Source "ChessBase"]
[SourceDate "2018.10.10"]
[SourceVersion "1"]
[SourceVersionDate "2018.10.10"]
[SourceQuality "1"]

1. d4 Nf6 2. Nf3 b6 3. Bf4 Bb7 4. e3 e6 5. Bd3 d5 6. h3 Bd6 7. Ne5 0-0 8. Nd2 Nbd7 9. 0-0 c5 10. c3 Qc7 11. Ndf3 Ne4 12. Nxd7 Qxd7 13. Ne5 Bxe5 14. dxe5 Qe7 15. f3 c4 16. Bc2 Nc5 17. Qd4 Ba6 18. Bg3 Qg5 19. Bh4 Qh6 20. Be7 Rfc8 21. f4 Nd3 22. f5 Rc7 23. Bd6 Rd7 24. Ba4 b5 25. Bc2 Rc8 26. Bxd3 cxd3 27. Qxd3 Rb7 28. Rf4 Rc6 29. b4 Rd7 30. Raf1 Rc4 31. Rxc4 bxc4 32. Qd4 exf5 33. Rxf5 Qg6 34. Qf4 Qe6 35. Qf2 Bc8 36. Rf4 Rb7 37. Qh4 Qe8 38. Qf2 Be6 39. e4 Qa4 40. exd5 Bxd5 41. Rd4 Be6 42. Qf3 Qa6 43. Bc7 h6 44. Rd8+ Kh7 45. Qe4+ g6 46. Ba5 Qb5 47. Qf4 Rd7 48. Rxd7 Qxd7 49. Qf2 Qd3 50. b5 Qd7 51. b6 axb6 52. Bxb6 Qb5 53. Bd4 Qb1+ 54. Kh2 Qa1 55. Qd2 Qb1 56. Be3 h5 57. Bc5 Qd3 58. Be3 Qb1 59. Bh6 Qd3 60. a3 Qe4 61. Bf8 Qxe5+ 62. Kh1 Kg8 63. Bb4 Kh7 64. a4 g5 65. a5 Qb5 66. Qd6 g4 67. hxg4 hxg4 68. Qh2+ Kg6 69. Qf4 Qh5+ 70. Kg1 Qh4 71. Qe4+ Kh6 72. Bf8+ Kg5 73. Be7+ 1-0